[Event "Porto Alegre U2400 op 2nd"]
[Site "Porto Alegre"]
[Date "2024.07.26"]
[Round "1"]
[White "Ribeiro, Luiz Felipe Roballo"]
[Black "Da Silva, Valentina Charlotte"]
[Result "1-0"]
[WhiteElo "1720"]
[BlackElo "1760"]
[PlyCount "65"]
[EventDate "2024.07.26"]
[EventType "swiss"]
[EventRounds "5"]
[EventCountry "BRA"]
[SourceTitle "EXT 2025"]
[Source "ChessBase"]
[SourceDate "2024.10.14"]
[SourceVersion "1"]
[SourceVersionDate "2024.10.14"]
[SourceQuality "1"]

1. e4 c5 2. Nf3 e6 3. d4 cxd4 4. Nxd4 Nc6 5. Nb5 a6 6. Nd6+ Bxd6 7. Qxd6 Nf6 8. Nc3 h6 9. Be2 b5 10. a3 Qa5 11. b4 Qb6 12. Qg3 Nd4 13. Be3 Nxc2+ 14. Kd2 Nxe3 15. Qxe3 Qd6+ 16. Ke1 Qe5 17. f4 Qc7 18. e5 Ng8 19. Rc1 Qd8 20. Bf3 Qh4+ 21. g3 Qh3 22. Bxa8 Ne7 23. Qc5 Qg4 24. Kf2 g5 25. h3 Qf5 26. Be4 d6 27. Qxd6 Qxe4 28. Nxe4 Bb7 29. Qb8+ Bc8 30. Rxc8+ Nxc8 31. Qxc8+ Ke7 32. Qc5+ Ke8 33. Nf6+ 1-0